000 01651nam a2200277 a 4500
001 000003599
005 20200929150509.0
008 090711s1994 dr r 000 0 spa d
040 _aDO-SdBNP
_bspa
_cBNPHU
082 _a305.42
_bH519fe, 1994
100 1 _aHenríquez Ureña, Camila,
_d1894-1973
_b1894-1973
_911065
245 1 0 _aFeminismo y otros temas sobre la mujer en la sociedad /
_cCamila Henríquez Ureña.
250 _a3a ed.
260 _aSanto Domingo :
_bTaller,
_c1994.
300 _a157 p. ;
_c22 cm.
490 1 _aBiblioteca Taller
_v193
500 _aIncluye datos biográficos de la autora en la contracubierta
504 _aIncluye referencias bibliográficas y notas al pie de las páginas
505 0 _aCamila Henríquez Ureña: la virtud del anonimato /
_rAndrés L. Mateo --
_tPresentación a la primera edición --
_tFeminismo --
_tDelmira Agustini --
_tLa mujer y la cultura --
_tPresencia de la mujer en el romanticismo. En torno a "El estudiante en Salamanca" --
_tLa carta como forma de expresión literaria femenina --
_tCartas de amor divino /
_rSanta Teresa de Jesús --
_tCartas de amor mundano /
_rMariana Alcoforado --
_tLa carta de polémica /
_gSor juana Inés de la Cruz --
_rLa carta como crónica /
_rMadame de Sevigné --
_tLaura Mestre, una mujer excepcional --
_tPresentación de Gabriela Mistral.
590 _aInventariado, 2018/MFF
600 1 4 _aHENRÍQUEZ UREÑA, CAMILA
_d1894-1973
_92536
650 4 _aFeministas
_zRepública Dominicana
_xBiografías
_911041
650 4 _aDerechos de la mujer
_zRepública Dominicana
_92757
830 0 _aBiblioteca Taller ;
_n193
_911042
910 _aValidado. Control de calidad MFF
999 _c3423
_d3423